00253nam a2200097Ia 4500008004100000082000800041100001800049245006700067942000600134999001500140240331s9999 xx 000 0 und d bPER aPerera, L.P.N 0aSexuality in ancient India :bastudy based on the Vinayapitaka cL c2171d2171